[Event "SWE Cup"]
[Site "Linkoping"]
[Date "2014.09.06"]
[Round "5.3"]
[White "Sagit, Rauan"]
[Black "Bjorsson, Alf"]
[Result "1-0"]
[WhiteElo "2358"]
[BlackElo "2025"]
[PlyCount "87"]
[EventDate "2014.09.05"]
[EventType "team-tourn"]
[EventRounds "7"]
[EventCountry "SWE"]
[SourceTitle "CBM 162 Extra"]
[Source "ChessBase"]
[SourceDate "2014.10.17"]
[SourceVersion "1"]
[SourceVersionDate "2014.10.17"]
[SourceQuality "1"]
[WhiteTeam "Team Viking"]
[BlackTeam "Orgryte"]
[WhiteTeamCountry "SWE"]
[BlackTeamCountry "SWE"]

1. e4 Nf6 2. e5 Nd5 3. d4 d6 4. Bc4 e6 5. Qe2 dxe5 6. dxe5 Nc6 7. Nf3 Nb6 8. Bb5 Bd7 9. 0-0 a6 10. Bxc6 Bxc6 11. Rd1 Qe7 12. Nd4 Bd5 13. Nc3 c5 14. Nxd5 Nxd5 15. c4 Nb4 16. a3 cxd4 17. axb4 Qxb4 18. Rxd4 Rd8 19. Rxd8+ Kxd8 20. Bg5+ Be7 21. Rd1+ Ke8 22. Be3 Qa5 23. Qd3 Qc7 24. b3 f5 25. exf6 gxf6 26. h3 Kf7 27. Qe4 Rg8 28. Qxh7+ Rg7 29. Qh5+ Rg6 30. Qf3 Ke8 31. h4 Qc6 32. Qxc6+ bxc6 33. Ra1 Bb4 34. Rxa6 Kd7 35. Ra7+ Kd6 36. h5 Rg8 37. h6 Bc5 38. h7 Rh8 39. Bxc5+ Kxc5 40. Kh2 Kd4 41. Kg3 c5 42. Kg4 Ke5 43. Kh5 Kf5 44. Kh6 1-0

[Event "SWE Cup"]
[Site "Linkoping"]
[Date "2013.09.07"]
[Round "4.6"]
[White "Malmstig, Erik"]
[Black "Bjorsson, Alf"]
[Result "1-0"]
[WhiteElo "2265"]
[BlackElo "2025"]
[PlyCount "65"]
[EventDate "2013.09.06"]
[EventType "team-tourn"]
[EventRounds "7"]
[EventCountry "SWE"]
[SourceTitle "CBM 156 Extra"]
[Source "ChessBase"]
[SourceDate "2013.10.22"]
[SourceVersion "1"]
[SourceVersionDate "2013.10.22"]
[SourceQuality "1"]
[WhiteTeam "Umea Rockaden"]
[BlackTeam "Orgryte"]
[WhiteTeamCountry "SWE"]
[BlackTeamCountry "SWE"]

1. e4 e5 2. Nf3 d6 3. d4 Nd7 4. Bc4 c6 5. Ng5 Nh6 6. c3 Qe7 7. 0-0 f6 8. Nf3 Nf7 9. Bb3 g6 10. Nbd2 Nb6 11. a4 a5 12. Re1 Be6 13. c4 Qd8 14. h3 Be7 15. Qe2 0-0 16. c5 Bxb3 17. Nxb3 Nd7 18. Rd1 Qc7 19. dxe5 dxe5 20. Be3 Rfd8 21. Rdc1 Nf8 22. Qc4 Kg7 23. Rc2 Rd7 24. Rac1 Nd8 25. Nfd2 Nde6 26. Qc3 Rad8 27. Nxa5 Rd3 28. Qb4 Nd4 29. Bxd4 R8xd4 30. Ndc4 Rxe4 31. Nxb7 Ne6 32. Nbd6 Red4 33. Ne8+ 1-0